Vývoj kurzu na LMS Moodle pre praktické samovzdelávanie v oblasti získavania vedomostí z dát diplomová práca

Na minha lista:
Detalhes bibliográficos
Autor principal: Kotek, Matej
Autor Corporativo: Fakulta hospodárskej informatiky EU. Katedra aplikovanej informatiky
Outros Autores: Rakovská, Eva, 1963-
Formato: Livro
Idioma:eslovaco
Publicado em: Bratislava 2024
Tags: Adicionar Tag
Sem tags, seja o primeiro a adicionar uma tag!

MARC

LEADER 00000nbm a2200000 4500
001 0301092
005 20250127101806.4
041 0 |a slo 
044 |a SK 
245 1 0 |a Vývoj kurzu na LMS Moodle pre praktické samovzdelávanie v oblasti získavania vedomostí z dát  |b diplomová práca  |c Matej Kotek ; školiteľ: Eva Rakovská 
264 1 |a Bratislava  |c 2024 
300 |a 90 s. 
100 1 |a Kotek, Matej 
700 1 |a Rakovská, Eva, 1963- 
710 2 |a Fakulta hospodárskej informatiky EU. Katedra aplikovanej informatiky